| 000 | 01334nam a2200325 a 4500 | ||
|---|---|---|---|
| 999 |
_c529566 _d529566 |
||
| 001 | 1528017 | ||
| 003 | NUST | ||
| 005 | 20190927154217.0 | ||
| 008 | 900809s1990 dcuab b 000 0 eng | ||
| 010 | _a 90071294 | ||
| 020 |
_a0309049148 : _c$7.00 |
||
| 038 | _aMSOHAIL | ||
| 040 |
_aDLC _cDLC |
||
| 050 | 0 | 0 |
_aTE220 _b.B88 1990 |
| 082 | 0 | 0 |
_a625.76068 _220 |
| 100 | 1 |
_aBurns, E. Nels. _921857 |
|
| 245 | 1 | 0 |
_aManaging urban freeway maintenance / _cE. Nels Burns ; topic panel, Richard A. Cunard ... [et al.]. |
| 260 |
_aWashington, D.C. : _bTransportation Research Board, National Research Council, _c[1990] |
||
| 300 |
_a26 p. : _bill., map ; _c28 cm. |
||
| 490 | 1 |
_aNational Cooperative Highway Research Program synthesis of highway practice, _x0547-5570 ; _v170 |
|
| 500 | _a"November 1990." | ||
| 504 | _aIncludes bibliographical references (p. 26). | ||
| 650 | 0 |
_aExpress highways _xMaintenance and repair _xManagement. _921858 |
|
| 700 | 1 |
_aCunard, Richard A. _921782 |
|
| 710 | 2 |
_aNational Research Council (U.S.). _bTransportation Research Board. _919676 |
|
| 830 | 0 |
_aSynthesis of highway practice ; _v170. _921859 |
|
| 906 |
_a7 _bcbc _corignew _d2 _eopcn _f19 _gy-gencatlg |
||
| 942 |
_2ddc _cBK |
||